| 000 | 00694cam a2200253 4500 | ||
|---|---|---|---|
| 001 | J1852 | ||
| 008 | 090401t1993 xxu||||| |||| 00| 0 eng d | ||
| 035 | _a(Sirsi) u45768 | ||
| 041 | _aeng | ||
| 050 | _a306.52 | ||
| 110 | _aHousing Corporation | ||
| 245 | _aRent Surplus Fund returns 1993/94. | ||
| 260 |
_aLondon _bHousing Corporation _c1993 |
||
| 300 | _a1 sheet ; 30cm. | ||
| 350 | _a0 | ||
| 490 |
_aHC _v32/93 |
||
| 520 | _aCircular accompanied by 8 page form and 16 page Guide to the Calculation of the Rent Surplus Fund. | ||
| 650 | _aCIRCULARS | ||
| 650 | _aHOUSING ASSOCIATIONS | ||
| 650 | _aRENT SURPLUS FUND | ||
| 690 | _aHOUSING | ||
| 942 | _n0 | ||
| 948 | _c04/03/1997 | ||
| 999 |
_c91822 _d91822 |
||